000 01768nam a2200277 i 4500
001 000045473
003 DO-SdBNP
005 20251112100026.0
007 ta
008 150407s1994 dr r 000 0 spa d
040 _aDO-SdBNP
_bspa
_cBNPHU
_erda
082 _axxxx
_bV434f
_222
100 1 _aVelázquez Mainardi, M. A.
_917435
245 1 3 _aEl fraude del fraude :
_buna conjura internacional /
_cM. A. Velázquez Mainardi ; prólogo Pedro Manuel Casals Victoria.
264 _aSanto Domingo :
_bEditora Tele-3,
_c1994.
300 _a258 páginas ;
_c21 cm.
336 _ardacontent
_btexto
_2txt
337 _ardamedia
_bsin mediación
_2n
338 _ardacarrier
_bvolumen
_2nc
500 _aIncluye datos biográficos del autor en las solapas.
505 0 _tEl apoyo de Estados Unidos --
_tLas sospechas
_tLa sorpresa del revés electoral --
_tEl fraude colosal
_tObservadores e interventores --
_tLa causa eficiente de la crisis --
_tLos perfiles de la sedición El voto negativo 67|La conciencia cívica 73|
_tEl voto negativo --
_tLa conciencia cívica --
_tEl riesgo de una intervención militar --
_tEl problema haitiano --
_tLocuacidad traicionera --
_tArbitros prejuiciados --
_tEl plan de la desnacionalización --
_tLas investigaciones sobre el fraude --
_tLa institucionalidad no es negociable --
_tEl colchón contra el fraude --
_tEl plan Burguiba --
_tNuevas elecciones --
_tEL habitat natural de la diáspora haitiana --
_tUltrajes al país --
_tDelirante insistencia --
_tEl pacto por la democracia --
_tDerivaciones inconstitucionales --
_tNarco-financiación electoral --
_tUna democracia corrupta --
_tEl nuevo orden electoral --
590 _aInventariado, 2025/DG
700 1 2 _aCasals Victoria, Pedro Manuel,
_eprólogo
_97723
910 _aDG
942 _2ddc
_cLBS1
999 _c44962
_d44962